000 02059 a2200241 4500
003 Nust
005 20221013141003.0
010 _a 72082811
020 _a0721677614
040 _cNust
082 0 0 _a540,ROU
100 1 _aRouth, Joseph Isaac,
_9100196
245 1 0 _aEssentials of general, organic and biochemistry
_c[by] Joseph I. Routh, Darrell P. Eyman and Donald J. Burton.
250 _a2nd ed.
260 _aPhiladelphia,
_bSaunders,
_c1973.
300 _axiv, 652 p.
_billus.
_c27 cm.
490 0 _aSaunders golden series
505 _aSome Fundamental Concepts (Page-1), Atomic Structure and Chemical Periodicity (Page-21), The Nature of Chemical Bonds (Page-44), The Nature of the Gaseous State (Page-60), Liquids , Solids, and Change of State (Page-77), Chemical Reactions and the Nature of Compounds (Page-90), Water and its Elements (Page-104) Solutions (Page-124), Reactions Rates and Chemical Equilibrium (Page-148), Electrolyte Equilibria (Page-159), Electrochemical Processes (Page-172) Some Chemistry of Nonmetallic Elements (Page-182, Some Chemistry of Metallic Elements (Page-210), Nuclear Processes (Page-230), Introduction and General Principles of Organic Chemistry (Page-243), Hydrocarbons (page-261) Alkenes and Alkynes (Page-285) Aromatic Hydrocarbons (Page-305) Alcohols (Page-328), Ethers (Page-347), Halogen Derivatives of Hydrocarbons (Page-355), Aldehydes and Ketones (Page-366), Carboxylic Acid and Acid Derivatives (Page-384), Amines and Amine Derivatives (Page-401), Polymers and Polymerization Reactions (Page-414), Carbohydrates (Page-423), Lipids (Page-443), Proteins (Page-462), Nucleic Acids (Page-485), Biochemistry of the Cell (Page-496), Biochemical Energetic (Page-503), Enzymes and Coenzymes (Page-512), Carbohydrate Metabolism (Page-532), Lipid Metabolism (Page-550) Protein Metabolism (Page-562), Body Fluids (Page-576), Biochemistry of Drugs (Page-590).
650 0 _aChemistry.
700 1 _aBurton, Donald Joseph,
_d1934-
_9100197
700 1 _aEyman, Darrell P.,
_d1937-
_9100198
942 _2ddc
_cBK
999 _c183643
_d183643